000 00721nam a2200229Ia 4500
003 OSt
005 20220923230414.0
006 a|||||r|||| 00| 0
007 ta
008 Pun
024 _a281,569
037 _cTextual
040 _aARTS
_cARTS
_bPun
041 _2Pun
_aPun
082 _aO153,3M97:g, L3
100 _aਸੂਰੀ, ਕਰਤਾਰ ਸਿੰਘ, ਥਦ.
245 0 _aਨਾਵਲਕਾਰ ਨਾਨਕ ਸਿੰਘ
260 _aਪਟਿਆਲਾ
_b ਪੰਜਾਬੀ ਯੂਨੀਵਰਸਿਟੀ
_c1973
650 _aਪੰਜਾਬੀ ਸਾਹਿਤ
942 _hO153,3M97:g, L3
_cTEXL
_2CC
999 _c384633
_d384633